| 000 | 00540nam a22001577a 4500 | ||
|---|---|---|---|
| 999 |
_c20339 _d20339 |
||
| 008 | 240530b ||||| |||| 00| 0 eng d | ||
| 020 | _a9712314235 | ||
| 082 |
_aDFil 499.211 _bV71 1994 |
||
| 100 |
_aVillanueva, Antonia F. _957346 |
||
| 245 |
_aAng balarila para sa mga guro / _cAntonia F. Villanueva and Gil F. Villanueva. |
||
| 260 |
_aManila : _bRex Book Store, Inc., _c©1994. |
||
| 300 |
_avii, 148 pages : _billustrations ; _c22 cm. |
||
| 650 |
_aBalarila. _957356 |
||
| 700 |
_aVillanueva, Gil F., _eauthor. _957347 |
||
| 942 |
_2ddc _cDFIL |
||